000 00255nam a2200109Ia 4500
008 190911s9999||||xx |||||||||||||| ||und||
100 _aSattareh Farman
245 0 _aDaughter of Persia
260 _aAustralia
_bPearson
_c2008
300 _a160
942 _cBK
999 _c6981
_d6981